Virginia Metropolitan Counties - Statistics

General Stats
  • This quiz has been taken 10 times
  • The average score is 78 of 133
Answer Stats
County or City Metro or Micro Area (or none) % Correct
Accomack -
100%
Alleghany -
86%
Bath -
86%
Brunswick -
86%
Buckingham -
86%
Caroline -
86%
Charlotte -
86%
Covington city -
86%
Cumberland -
86%
Dickinson -
86%
Emporia city -
86%
Floyd -
86%
Highland -
86%
King George -
86%
Chesapeake city Virginia Beach-Norfolk-Newport News
86%
Alexandria city Washington, DC
86%
Fairfax Washington, DC
86%
Fairfax city Washington, DC
86%
Falls Church city Washington, DC
86%
Fauquier Washington, DC
86%
Loudoun Washington, DC
86%
Buchanan -
71%
Buena Vista city -
71%
Carroll -
71%
Essex -
71%
Galax city -
71%
Grayson -
71%
Greensville -
71%
Lancaster -
71%
Lexington city -
71%
Lunenburg -
71%
Mecklenburg -
71%
Page -
71%
Charlottesville city Charlottesville
71%
Danville city Danville
71%
Bristol city Kingsport-Bristol
71%
Lynchburg city Lynchburg
71%
Amelia Richmond
71%
Colonial Heights city Richmond
71%
Henrico Richmond
71%
Gloucester Virginia Beach-Norfolk-Newport News
71%
Hampton city Virginia Beach-Norfolk-Newport News
71%
Isle of Wight Virginia Beach-Norfolk-Newport News
71%
Mathews Virginia Beach-Norfolk-Newport News
71%
Newport News city Virginia Beach-Norfolk-Newport News
71%
Arlington Washington, DC
71%
Clarke Washington, DC
71%
Culpeper Washington, DC
71%
Fredericksburg city Washington, DC
71%
Manassas city Washington, DC
71%
Manassas Park city Washington, DC
71%
Prince William Washington, DC
71%
Halifax -
57%
Lee -
57%
Louisa -
57%
Middlesex -
57%
Northampton -
57%
Northumberland -
57%
Nottoway -
57%
Orange -
57%
Patrick -
57%
Prince Edward -
57%
Richmond -
57%
Rockbridge -
57%
Albemarle Charlottesville
57%
Fluvanna Charlottesville
57%
Harrisonburg city Harrisonburg
57%
Amherst Lynchburg
57%
Bedford Lynchburg
57%
Campbell Lynchburg
57%
Charles City Richmond
57%
Chesterfield Richmond
57%
Dinwiddie Richmond
57%
Goochland Richmond
57%
Hanover Richmond
57%
Hopewell city Richmond
57%
King and Queen Richmond
57%
King William Richmond
57%
Petersburg city Richmond
57%
Richmond city Richmond
57%
Botetourt Roanoke
57%
Craig Roanoke
57%
Franklin Roanoke
57%
Roanoke Roanoke
57%
Augusta Staunton
57%
Franklin city Virginia Beach-Norfolk-Newport News
57%
James City Virginia Beach-Norfolk-Newport News
57%
Norfolk city Virginia Beach-Norfolk-Newport News
57%
Poquoson city Virginia Beach-Norfolk-Newport News
57%
Portsmouth city Virginia Beach-Norfolk-Newport News
57%
Suffolk city Virginia Beach-Norfolk-Newport News
57%
Virginia Beach city Virginia Beach-Norfolk-Newport News
57%
Williamsburg city Virginia Beach-Norfolk-Newport News
57%
Madison Washington, DC
57%
Rappahannock Washington, DC
57%
Russell -
43%
Shenandoah -
43%
Surry -
43%
Westmoreland -
43%
Wythe -
43%
Greene Charlottesville
43%
Nelson Charlottesville
43%
Pittsylvania Danville
43%
Appomattox Lynchburg
43%
New Kent Richmond
43%
Powhatan Richmond
43%
Prince George Richmond
43%
Roanoke city Roanoke
43%
Southampton Virginia Beach-Norfolk-Newport News
43%
York Virginia Beach-Norfolk-Newport News
43%
Spotsylvania Washington, DC
43%
Stafford Washington, DC
43%
Warren Washington, DC
43%
Frederick Winchester
43%
Winchester city Winchester
43%
Smyth -
29%
Norton city Big Stone Gap
29%
Wise Big Stone Gap
29%
Rockingham Harrisonburg
29%
Scott Kingsport-Bristol
29%
Washington Kingsport-Bristol
29%
Martinsville city Martinsville
29%
Sussex Richmond
29%
Salem city Roanoke
29%
Staunton city Staunton
29%
Waynesboro city Staunton
29%
Giles Blacksburg-Christiansburg
14%
Montgomery Blacksburg-Christiansburg
14%
Pulaski Blacksburg-Christiansburg
14%
Radford city Blacksburg-Christiansburg
14%
Bland Bluefield, WV
14%
Tazewell Bluefield, WV
14%
Henry Martinsville
14%
No matching quizzes found
Score Distribution
Percent of People with Each Score
Percentile by Number Answered
Your Score History
You have not taken this quiz